Music Quiz

Random Music or Song Quiz

'Oh, Pretty Woman' Lyrics Quiz Stats

 Plays Quiz Updated Apr 19, 2013

Challenge
Share
Tweet
Embed
Score 0/172 Timer 06:00
3 Plays Today
% Correct
Oh,
99.6%
oh,
99.6%
Pretty
99.6%
Pretty
99.6%
Pretty
99.6%
Pretty
99.6%
Pretty
99.6%
Pretty
99.6%
Pretty
99.6%
Pretty
99.6%
Pretty
99.6%
Pretty
99.6%
Pretty
99.6%
Pretty
99.6%
Pretty
99.6%
pretty
99.6%
Pretty
99.6%
Pretty
99.6%
woman,
99.5%
woman,
99.5%
woman
99.5%
woman,
99.5%
woman,
99.5%
woman,
99.5%
woman,
99.5%
woman,
99.5%
woman,
99.5%
woman,
99.5%
woman,
99.5%
woman,
99.5%
woman,
99.5%
woman.
99.5%
woman,
99.5%
woman,
99.5%
the
99.2%
the
99.2%
the
99.2%
a
99.2%
the
99.2%
a
99.2%
Wow,
99%
I
98.4%
I
98.4%
I
98.4%
I
98.4%
I
98.4%
I
98.4%
walk
97.1%
walk
97.1%
me?
96.5%
me?
96.5%
me
96.5%
me
96.5%
me?
96.5%
me
96.5%
me.
96.5%
me.
96.5%
do
96%
% Correct
to
94.7%
to
94.7%
to
94.7%
to
94.7%
down
94.3%
walking
94.3%
walking
94.3%
walking
94.3%
street.
94.3%
like
90.1%
like
90.1%
meet.
90.1%
you,
89.4%
you.
89.4%
you
89.4%
you
89.4%
you
89.4%
you,
89.4%
you
89.4%
kind
81.2%
on
81%
on
81%
be.
74.8%
be
74.8%
be,
74.8%
be
74.8%
go
70.1%
can
69%
one
68.3%
look
66.9%
look
66.9%
look
66.9%
don't
66.3%
don't
66.3%
don't
66.3%
don't
66.3%
No
65.4%
as
64.3%
as
64.3%
as
64.3%
see.
63.1%
see?
63.1%
good
59.4%
by.
58.4%
she
57.7%
Is
56.3%
could
55.7%
with
53.9%
with
53.9%
it
53.5%
your
52.5%
What
51.4%
my
49.6%
way.
49.1%
way
49.1%
back
48.6%
back
48.6%
away,
48.6%
% Correct
yeah
48%
yeah
48%
yeah
48%
Yeah,
48%
stay
47.6%
Are
45.9%
just
44.8%
believe
44.6%
won't
43.8%
that
41.7%
say
41.4%
not
41.1%
you're
41%
but
40.8%
but
40.8%
make
40.5%
need
39.8%
she's
39.3%
cry.
37.9%
talk
36.5%
Come
36.4%
while.
36.4%
while.
36.4%
you'll
36.3%
truth.
35.6%
Mercy.
35.5%
if
35%
it's
34.1%
lonely
33.9%
smile
32.8%
I'll
32.6%
I'll
32.6%
mine
32.5%
lovely
31.8%
give
29.6%
must
29.6%
wait.
29.1%
tonight.
28.6%
stop
27.6%
okay
27.5%
okay
27.5%
help
27.3%
right.
26.1%
home,
25.4%
baby,
25.1%
pardon
25%
night,
24.8%
couldn't
24.7%
hey,
24.4%
'Cause
23.5%
that's
23.5%
tomorrow
22.9%
treat
22.3%
late.
21.8%
guess
20.5%
There'll
13.3%

You're not logged in!

Compare scores with friends on all Sporcle quizzes.
OR
Log In

You Might Also Like...

Show Comments

Extras

Top Quizzes Today


Score Distribution

Your Account Isn't Verified!

In order to create a playlist on Sporcle, you need to verify the email address you used during registration. Go to your Sporcle Settings to finish the process.

Report this User

Report this user for behavior that violates our Community Guidelines.

Details: